Το Χιακόν γλωσσάριον : ήτοι η εν Χίω λαλουμένη γλώσσα : μετά τινών επιγραφών αρχαίων τε και νέων και του χάρτου της νήσου

Αποθηκεύτηκε σε:
Λεπτομέρειες βιβλιογραφικής εγγραφής
Κύριος συγγραφέας: Πασπάτης, Αλέξανδρος Γ., 1814-1891
Μορφή: Βιβλίο
Γλώσσα:Greek
Δημοσίευση: Αθήνα : Βιβλιοπωλείο Διονυσίου Νότη Καραβία, 1990
Σειρά:Βιβλιοθήκη ιστορικών μελετών ; ; 241
Θέματα:
Ετικέτες: Προσθήκη ετικέτας
Δεν υπάρχουν, Καταχωρήστε ετικέτα πρώτοι!

MARC

LEADER 00000nam a2200000 i 4500
001 1/78109
008 960820s1888 gre d
020 |a 960-258-011-9 
035 |a 1993  |b 1  |c Μηνάς  |l 10032839 
040 |a GR-MY-UA  |b gre  |e aacr 
041 0 |a gre 
082 0 |a 489.37 
100 1 |a Πασπάτης, Αλέξανδρος Γ.,   |d 1814-1891. 
245 1 3 |a Το Χιακόν γλωσσάριον :  |b ήτοι η εν Χίω λαλουμένη γλώσσα : μετά τινών επιγραφών αρχαίων τε και νέων και του χάρτου της νήσου /  |c συνέγραψεν Α. Γ. Πασπάτης 
260 |a Αθήνα :   |b Βιβλιοπωλείο Διονυσίου Νότη Καραβία,   |c 1990 
300 |a 430 σ.  |e 1 χάρτης 
490 1 |a Βιβλιοθήκη ιστορικών μελετών  |v ; 241 
650 0 0 |a Greek language  |x Dialects  |x Dictionaries. 
650 0 0 |a Greek language  |x Idioms  |x Dictionaries. 
650 0 0 |a Greek language  |x Dialects  |x Dictionaries  |z Greece  |z Chios Island. 
830 0 |a Βιβλιοθήκη ιστορικών μελετών ;  |v ; 241 
852 |a INST  |b RHODES  |e 19960820  |h 489.37 ΠΑΣ  |p 005400009964  |q 005400009964  |t REF  |y 23 
852 |a INST  |b RHODES  |e 19960820  |h 489.37 ΠΑΣ  |p 005400009965  |q 005400009965  |t REF  |y 23 
909 |a Ρ  |b 025606  |c 1993 
909 |a Ρ  |b 025607  |c 1993